000 00710nam a2200181Ia 4500
008 100921s9999 xx 000 0 und d
082 _b6608
_a330 थ 82
100 _aसाठे के.अ. जोशी शि.पु.
245 _aप्राप्तीकराशी मैत्री.
260 _bकौशिक प्रकाशन, सातारा.
_c1982
300 _a489
_b---
365 _b75
520 _aस.शा.अर्थशास्त्र.
630 _aप्राप्तीकराशी मैत्री.
650 _aस.शा.अर्थशास्त्र.
730 _aप्राप्तीकराशी मैत्री.
942 _cBOOK
999 _c755721
_d755718